[Event "RM-2013-0-00121"]
[Site "LSS email"]
[Date "2013.06.01"]
[Round "?"]
[White "Nichols, Scott"]
[Black "Haeusler, Werner"]
[Result "1/2-1/2"]
[WhiteElo "2223"]
[BlackElo "2411"]
[PlyCount "51"]
[EventDate "2013.04.16"]
[EventType "tourn (corr)"]
[EventRounds "6"]
[EventCountry "GER"]
[SourceTitle "Telechess CBM 161"]
[Source "ChessBase"]
[SourceDate "2014.07.16"]
[SourceVersion "1"]
[SourceVersionDate "2014.07.16"]
[SourceQuality "1"]

1. e4 e5 2. Nf3 Nf6 3. Nc3 Nc6 4. Bb5 Nd4 5. Ba4 c6 6. Nxe5 d6 7. Nf3 Bg4 8. d3 d5 9. exd5 Bxf3 10. gxf3 Nxd5 11. 0-0 Bb4 12. Nxd5 Qxd5 13. Kg2 Qh5 14. Rg1 Bd6 15. f4 Qh4 16. h3 h5 17. Re1+ Kf8 18. c3 Ne6 19. Qf3 Rh6 20. Re4 f5 21. Rc4 Bc5 22. d4 Bd6 23. Bc2 Bxf4 24. Bxf4 Nxf4+ 25. Kh2 Nxh3 26. Qxh3 1/2-1/2

[Event "RM-2013-0-00121"]
[Site "LSS email"]
[Date "2013.06.01"]
[Round "?"]
[White "Pepermans, Toon"]
[Black "Haeusler, Werner"]
[Result "1/2-1/2"]
[WhiteElo "2355"]
[BlackElo "2411"]
[PlyCount "84"]
[EventDate "2013.04.16"]
[EventType "tourn (corr)"]
[EventRounds "6"]
[EventCountry "GER"]
[SourceTitle "Telechess CBM 161"]
[Source "ChessBase"]
[SourceDate "2014.07.16"]
[SourceVersion "1"]
[SourceVersionDate "2014.07.16"]
[SourceQuality "1"]

1. d4 Nf6 2. c4 e6 3. Nf3 c5 4. d5 exd5 5. cxd5 d6 6. e4 g6 7. h3 Bg7 8. Bd3 0-0 9. 0-0 c4 10. Bc2 b5 11. Nd4 b4 12. Nd2 Qc7 13. Re1 Bd7 14. Rb1 a5 15. b3 cxb3 16. Bxb3 Na6 17. Qf3 Qc3 18. Nc6 Qxf3 19. gxf3 Nb8 20. Ne7+ Kh8 21. e5 dxe5 22. Nc4 Bxh3 23. Kh2 Bd7 24. Nxe5 Be8 25. N5c6 Nbd7 26. Be3 Nh5 27. f4 Ndf6 28. Kg2 Ne4 29. Rbc1 f5 30. Ne5 Nc3 31. Bc4 a4 32. a3 Ne4 33. axb4 g5 34. Nd3 Bf6 35. Nxf5 gxf4 36. Nxf4 Bb2 37. Nxh5 Bxh5 38. Bd3 Rae8 39. Bd4+ Bxd4 40. Rxe4 Rxe4 41. Bxe4 Bg6 42. Nxd4 Bxe4+ 1/2-1/2

[Event "RM-2013-0-00121"]
[Site "LSS email"]
[Date "2013.06.01"]
[Round "?"]
[White "Wosch, Arkadiusz Janusz"]
[Black "Haeusler, Werner"]
[Result "0-1"]
[WhiteElo "2176"]
[BlackElo "2411"]
[PlyCount "114"]
[EventDate "2013.04.16"]
[EventType "tourn (corr)"]
[EventRounds "6"]
[EventCountry "GER"]
[SourceTitle "Telechess CBM 161"]
[Source "ChessBase"]
[SourceDate "2014.07.16"]
[SourceVersion "1"]
[SourceVersionDate "2014.07.16"]
[SourceQuality "1"]

1. e4 e5 2. Nf3 Nf6 3. Nxe5 d6 4. Nf3 Nxe4 5. d4 d5 6. Bd3 Bd6 7. 0-0 0-0 8. c4 c6 9. Nc3 Nxc3 10. bxc3 dxc4 11. Bxc4 Bf5 12. Re1 Nd7 13. Bg5 Qa5 14. Bd2 Nf6 15. Ne5 Rae8 16. Nxf7 Rxe1+ 17. Bxe1 Rxf7 18. Bxf7+ Kxf7 19. Qb3+ Qd5 20. Qxb7+ Kg6 21. Qb3 Qe4 22. a4 h5 23. f3 Qe3+ 24. Kh1 h4 25. Qd1 h3 26. gxh3 Kf7 27. Ra2 Bd3 28. Bg3 Bc4 29. Rb2 Be7 30. Kg2 Qxc3 31. Qc2 Qxd4 32. Bf2 Qd5 33. Rb7 Qg5+ 34. Bg3 Be6 35. h4 Qe3 36. Bf2 Bh3+ 37. Kg1 Qe5 38. Bg3 Qe6 39. Bf2 a6 40. a5 Qe5 41. Qc1 Nd5 42. Qe1 Qf6 43. Qe4 Bf5 44. Qe2 Qa1+ 45. Qf1 Qxa5 46. h5 Qc3 47. Bh4 Bd3 48. Bxe7 Nxe7 49. Qf2 Bb5 50. Kg2 a5 51. Qg3 Qb2+ 52. Kh1 Qb1+ 53. Qg1 Qxg1+ 54. Kxg1 Kf6 55. Kf2 Nd5 56. Ke1 Nf4 57. h6 gxh6 0-1

[Event "ST-2012-0-00104"]
[Site "LSS email"]
[Date "2012.11.08"]
[Round "?"]
[White "Haeusler, Werner"]
[Black "Wosch, Arkadiusz Janusz"]
[Result "1-0"]
[WhiteElo "2411"]
[BlackElo "2176"]
[PlyCount "93"]
[EventDate "2012.08.22"]
[EventType "tourn (corr)"]
[EventRounds "6"]
[EventCountry "GER"]
[SourceTitle "Telechess CBM 161"]
[Source "ChessBase"]
[SourceDate "2014.07.16"]
[SourceVersion "1"]
[SourceVersionDate "2014.07.16"]
[SourceQuality "1"]

1. e4 c5 2. Nf3 Nc6 3. d4 cxd4 4. Nxd4 Nf6 5. Nc3 d6 6. Bg5 e6 7. Qd2 a6 8. 0-0-0 Bd7 9. f4 b5 10. Bxf6 gxf6 11. Kb1 Qb6 12. Nxc6 Bxc6 13. Qe1 Be7 14. f5 Qc5 15. Bd3 b4 16. Ne2 a5 17. fxe6 fxe6 18. Nf4 Qe5 19. Rf1 Rc8 20. Qh4 a4 21. Ba6 Rc7 22. Nd3 Qa5 23. Bc4 Bd7 24. e5 dxe5 25. Nf2 e4 26. Qxe4 Qe5 27. Qg4 Qf5 28. Qxf5 exf5 29. b3 axb3 30. Bxb3 Kf8 31. Rd4 Bb5 32. Nd3 Rd7 33. Rxd7 Bxd7 34. Rd1 Bc8 35. Nf4 Kg7 36. Be6 Bxe6 37. Nxe6+ Kf7 38. Nf4 Rc8 39. Rd7 Rc4 40. g3 Ke8 41. Rd5 Rc5 42. Kb2 Rxd5 43. Nxd5 Bc5 44. Kb3 Bg1 45. h3 Bc5 46. g4 fxg4 47. Nxf6+ 1-0

[Event "OP-2012-0-02480"]
[Site "LSS email"]
[Date "2012.11.03"]
[Round "?"]
[White "Albesa, Alfredo Ricardo"]
[Black "Haeusler, Werner"]
[Result "0-1"]
[WhiteElo "1637"]
[BlackElo "2413"]
[PlyCount "64"]
[EventDate "2012.11.01"]
[EventType "tourn (corr)"]
[EventRounds "4"]
[EventCountry "GER"]
[SourceTitle "Telechess CBM 159"]
[Source "ChessBase"]
[SourceDate "2014.03.17"]
[SourceVersion "1"]
[SourceVersionDate "2014.03.17"]
[SourceQuality "1"]

1. e4 c5 2. Nf3 d6 3. d4 cxd4 4. Nxd4 Nf6 5. Nc3 a6 6. Bg5 e6 7. f4 Qb6 8. Qd2 Qxb2 9. Rb1 Qa3 10. Be2 Nbd7 11. 0-0 Qc5 12. Na4 Qc7 13. Bxf6 Nxf6 14. Nb6 Rb8 15. c4 Be7 16. Nxc8 Rxc8 17. Qe3 0-0 18. Kh1 Rfe8 19. g3 Nd7 20. Kg2 e5 21. fxe5 Nxe5 22. a3 Nxc4 23. Bxc4 Qxc4 24. Rxb7 Rb8 25. Qb3 Qxb3 26. Rxb3 Rxb3 27. Nxb3 Rc8 28. Nd4 Bf8 29. Kf2 Rc4 30. Rd1 d5 31. Ke3 Bc5 32. exd5 f5 0-1

[Event "CFriend AC-2005-Q-00008 email"]
[Site "Chessfriend.com"]
[Date "2005.07.22"]
[Round "1"]
[White "Haeusler, Werner"]
[Black "Salzmann, Stefan"]
[Result "0-1"]
[WhiteElo "2433"]
[BlackElo "2334"]
[PlyCount "66"]
[EventDate "2005.??.??"]
[EventType "tourn (corr)"]
[EventRounds "6"]
[SourceTitle "Corr 2008"]
[Source "ChessBase"]
[SourceDate "2008.06.24"]
[SourceVersion "1"]
[SourceVersionDate "2008.06.24"]
[SourceQuality "1"]

1. d4 Nf6 2. c4 e6 3. Nf3 b6 4. a3 Bb7 5. Nc3 d5 6. Qc2 Be7 7. cxd5 exd5 8. Bf4 0-0 9. e3 c5 10. Rd1 Na6 11. Bd3 Nc7 12. 0-0 Ne6 13. Be5 c4 14. Bf5 g6 15. Bh3 a6 16. b3 Rc8 17. a4 Nd7 18. Bg3 b5 19. axb5 axb5 20. bxc4 b4 21. Qb1 Rxc4 22. Na2 Qb6 23. Rd3 Bc6 24. Nd2 Ba4 25. Nxc4 dxc4 26. Rd2 c3 27. Re2 Rc8 28. Rc1 c2 29. Rexc2 Rxc2 30. Rxc2 Bxc2 31. Qxc2 b3 32. Qb2 Ba3 33. Qb1 Qb5 0-1

[Event "CFriend AC-2005-Q-00008 email"]
[Site "Chessfriend.com"]
[Date "2005.07.22"]
[Round "1"]
[White "Rolle, Hannes"]
[Black "Haeusler, Werner"]
[Result "1/2-1/2"]
[WhiteElo "2235"]
[BlackElo "2433"]
[PlyCount "94"]
[EventDate "2005.??.??"]
[EventType "tourn (corr)"]
[EventRounds "6"]
[SourceTitle "Corr 2008"]
[Source "ChessBase"]
[SourceDate "2008.06.24"]
[SourceVersion "1"]
[SourceVersionDate "2008.06.24"]
[SourceQuality "1"]

1. d4 d5 2. c4 e6 3. Nc3 c6 4. e3 Nf6 5. Nf3 Nbd7 6. Bd3 dxc4 7. Bxc4 b5 8. Bd3 Bd6 9. Ng5 Bb7 10. 0-0 0-0 11. Bd2 Qc7 12. f4 h6 13. Nge4 Nxe4 14. Nxe4 c5 15. Qe2 c4 16. Bb1 f5 17. Ba5 Nb6 18. Nxd6 Qxd6 19. Bc2 Nd5 20. Qf2 Rac8 21. a3 Rf6 22. Bd1 g5 23. Bf3 gxf4 24. e4 fxe4 25. Bxe4 Rcf8 26. Qf3 R8f7 27. Rae1 Rg7 28. Re2 Qa6 29. Bb4 Nxb4 30. axb4 Bxe4 31. Rxe4 Rgf7 32. b3 Qc6 33. bxc4 bxc4 34. Qe2 c3 35. b5 Qd5 36. Rf3 Rc7 37. Qc2 Qxb5 38. Rexf4 Rxf4 39. Rxf4 Qd5 40. Rg4+ Rg7 41. Rxg7+ Kxg7 42. Qxc3 a5 43. Qg3+ Qg5 44. Qd6 Qe3+ 45. Kf1 Kg6 46. Qd7 Qf4+ 47. Ke2 Qe4+ 1/2-1/2

[Event "CFriend AR-2004-F-00001 email"]
[Site "Chessfriend.com"]
[Date "2005.07.08"]
[Round "1"]
[White "Chovanec, Milan"]
[Black "Haeusler, Werner"]
[Result "1-0"]
[WhiteElo "2531"]
[BlackElo "2433"]
[PlyCount "39"]
[EventDate "2005.??.??"]
[EventType "tourn (corr)"]
[EventRounds "6"]
[SourceTitle "Corr 2024"]
[Source "ChessBase"]
[SourceDate "2023.10.19"]
[SourceVersion "1"]
[SourceVersionDate "2023.10.19"]
[SourceQuality "1"]

1. e4 c5 2. Nf3 d6 3. d4 cxd4 4. Nxd4 Nf6 5. Nc3 a6 6. f3 e5 7. Nb3 Be6 8. Be3 Nbd7 9. Qd2 h5 10. Nd5 Nxd5 11. exd5 Bf5 12. Bd3 Bxd3 13. Qxd3 Be7 14. 0-0 0-0 15. f4 Re8 16. Nd2 Rc8 17. Rae1 Bh4 18. g3 exf4 19. Bxf4 Bg5 20. Rxe8+ 1-0

[Event "CFriend AR-2004-F-00001 email"]
[Site "Chessfriend.com"]
[Date "2005.07.08"]
[Round "1"]
[White "Haeusler, Werner"]
[Black "Daus, Peter"]
[Result "1/2-1/2"]
[WhiteElo "2433"]
[BlackElo "2340"]
[PlyCount "41"]
[EventDate "2005.??.??"]
[EventType "tourn (corr)"]
[EventRounds "6"]
[SourceTitle "Corr 2024"]
[Source "ChessBase"]
[SourceDate "2023.10.19"]
[SourceVersion "1"]
[SourceVersionDate "2023.10.19"]
[SourceQuality "1"]

1. e4 e5 2. Nf3 Nc6 3. Bb5 a6 4. Ba4 Nf6 5. 0-0 Be7 6. Re1 b5 7. Bb3 d6 8. c3 0-0 9. h3 Bb7 10. d4 Re8 11. Nbd2 Bf8 12. a4 h6 13. Bc2 exd4 14. cxd4 Nb4 15. Bb1 c5 16. d5 Nd7 17. Ra3 f5 18. Rae3 f4 19. Ra3 Qf6 20. Nb3 Ne5 21. Na5 1/2-1/2

[Event "CFriend AR-2004-F-00001 email"]
[Site "Chessfriend.com"]
[Date "2005.07.08"]
[Round "1"]
[White "Salzmann, Stefan"]
[Black "Haeusler, Werner"]
[Result "0-1"]
[WhiteElo "2334"]
[BlackElo "2433"]
[PlyCount "94"]
[EventDate "2005.??.??"]
[EventType "tourn (corr)"]
[EventRounds "6"]
[SourceTitle "Corr 2024"]
[Source "ChessBase"]
[SourceDate "2023.10.19"]
[SourceVersion "1"]
[SourceVersionDate "2023.10.19"]
[SourceQuality "1"]

1. e4 c5 2. Nf3 d6 3. d4 Nf6 4. Nc3 cxd4 5. Nxd4 a6 6. Bg5 e6 7. f4 Nbd7 8. Qf3 Qc7 9. 0-0-0 b5 10. Bd3 Bb7 11. Rhe1 h6 12. Qh3 0-0-0 13. Bxf6 Nxf6 14. Nd5 Nxd5 15. exd5 Bxd5 16. a4 g6 17. axb5 axb5 18. Nxb5 Qa5 19. c4 Bc6 20. Nd4 Bd7 21. Qe3 Bg7 22. Be4 Kc7 23. Nb3 Qa6 24. Kb1 Rb8 25. Rd3 Ba4 26. Re2 Rxb3 27. Rxb3 Bxb3 28. Qxb3 Rb8 29. Qa2 Qb6 30. Qa3 Qd4 31. g3 Kd7 32. Bf3 Qd1+ 33. Ka2 Bd4 34. Re3 Qd2 35. Rb3 Rxb3 36. Qxb3 Qxh2 37. Qb7+ Ke8 38. Qb8+ Ke7 39. Bc6 Qd2 40. Qc7+ Kf6 41. Qb7 Qe2 42. Qb3 h5 43. Qb4 g5 44. Qb5 Bc5 45. fxg5+ Kxg5 46. Qb3 Kg4 47. Ba4 f5 0-1

[Event "CFriend AC-2003-S-00003 email"]
[Site "Chessfriend.com"]
[Date "2004.12.01"]
[Round "1"]
[White "Claridge, John"]
[Black "Haeusler, Werner"]
[Result "0-1"]
[WhiteElo "2371"]
[BlackElo "2433"]
[PlyCount "82"]
[EventDate "2004.??.??"]
[EventType "tourn (corr)"]
[EventRounds "6"]
[SourceTitle "Corr 2024"]
[Source "ChessBase"]
[SourceDate "2023.10.19"]
[SourceVersion "1"]
[SourceVersionDate "2023.10.19"]
[SourceQuality "1"]

1. e4 e5 2. Nf3 Nc6 3. Bb5 Nf6 4. 0-0 Nxe4 5. d4 Nd6 6. Bxc6 dxc6 7. dxe5 Nf5 8. Qxd8+ Kxd8 9. Nc3 Ke8 10. h3 Be7 11. Bf4 Be6 12. a3 Rd8 13. Rad1 h6 14. Rfe1 a6 15. Ne4 Rxd1 16. Rxd1 Bd5 17. Re1 Kd7 18. g4 Nh4 19. Nxh4 Bxh4 20. Rd1 Kc8 21. Nc3 Be6 22. Kg2 f5 23. f3 Be7 24. Ne2 g5 25. Bc1 f4 26. b3 Rd8 27. Rxd8+ Kxd8 28. Nd4 Kd7 29. Bb2 c5 30. Nf5 Bf8 31. a4 Bg8 32. Kf2 Bh7 33. h4 h5 34. hxg5 Ke6 35. Nh4 Be7 36. gxh5 Bxc2 37. Kg2 Bxg5 38. Kh3 Bxb3 39. Kg4 Bxh4 40. Kxh4 Bxa4 41. Kg5 b5 0-1

[Event "CFriend AC-2004-Q-00004 email"]
[Site "Chessfriend.com"]
[Date "2004.07.14"]
[Round "?"]
[White "Weiss, Lester P"]
[Black "Haeusler, Werner"]
[Result "0-1"]
[WhiteElo "1910"]
[BlackElo "2412"]
[PlyCount "54"]
[EventDate "2004.??.??"]
[EventType "tourn (corr)"]
[EventRounds "10"]
[SourceTitle "Corr 2008"]
[Source "ChessBase"]
[SourceDate "2008.06.24"]
[SourceVersion "1"]
[SourceVersionDate "2008.06.24"]
[SourceQuality "1"]

1. d4 Nf6 2. c4 e6 3. Nf3 c5 4. d5 exd5 5. cxd5 d6 6. Nc3 g6 7. Nd2 Bg7 8. e4 0-0 9. Bd3 Nbd7 10. Nc4 Nb6 11. Ne3 Re8 12. 0-0 Bd7 13. a4 Rb8 14. a5 Nc8 15. f4 b5 16. axb6 axb6 17. Qf3 b5 18. f5 c4 19. Bc2 Qc7 20. fxg6 fxg6 21. Bd2 Nb6 22. b4 cxb3 23. Bxb3 Qc5 24. Rac1 Qd4 25. Rf2 Rf8 26. Nc2 Qc5 27. Qe3 Rfe8 0-1